000 00770cam a22002297a 4500
001 11932087
005 20151104121508.0
008 000304s1998 cou b 000 0 eng
010 _a 00551595
020 _a0891099018 (pbk.)
040 _aDLC
_cDLC
050 0 0 _aBV210.2.P355
100 1 _aPeace, Richard.
_920924
245 1 0 _aMeditative prayer :
_bentering God's presence : a spiritual formation study guide /
_cby Richard Peace.
260 _aColorado Springs, Colo. :
_bNavPress,
_cc1998.
300 _a111 p. ;
_c22 cm.
504 _aIncludes bibliographical references (p. 101)
650 _aPrayer
_920925
906 _a7
_bcbc
_corignew
_d4
_encip
_f20
_gy-gencatlg
942 _2lcc
_cMONOGRAPH
999 _c123737
_d123737